| 000 | 00427nam a22001697a 4500 | ||
|---|---|---|---|
| 005 | 20180305124130.0 | ||
| 008 | 160525b xxu||||| |||| 00| 0 eng d | ||
| 020 | _a978-81-8488-1790 | ||
| 041 | _aeng | ||
| 082 |
_b4823 _a332.1 |
||
| 100 |
_aDesai, Vasant _9362 |
||
| 245 | _aBanks and Institutional Management | ||
| 260 |
_aNew Delhi _bAcademic Faundation _c2009 |
||
| 300 | _a710 | ||
| 650 |
_aManagement _9241 |
||
| 942 | _cBK | ||
| 999 |
_c1653 _d1652 |
||